• 首页
  • 本馆介绍
  • 公告通知
  • 最新文献
  • 馆藏检索
  • 电子资源
  • 读者导购
  • 参考咨询
  • 我的图书馆
  • 登录
  • 详细信息显示
  • 放入我的书架
  • 预约/预借图书
  • 作者相关作品
  • 分类相关作品
  • 丛书相关作品
  • 出版社相关作品

书目信息

  • 表格格式
  • 工作单格式
  • 卡片格式
题名:
生物制品学
    
 
作者: 马玺 , 周东坡 , 赵凯 编著
分册:  
出版信息: 北京   化学工业出版社  2007
页数:
开本: 29cm
丛书名:
单 册:
中图分类: R977
科图分类:
主题词: 药物--汇编 , 药物
电子资源:
ISBN: 978-7-5025-9122-9
000 00623nam0 2200217 450
001 0754114953
005 20070929150154.95
010    @a978-7-5025-9122-9
100    @a20070929d km y0chiy0120 ea
101 0  @achi
200 1  @a生物制品学@Asheng wu zhi pin xue@f周东坡,赵凯,马玺 编著@Fzhou dong po,zhao kai,ma xi bian zhu
210    @a北京@c化学工业出版社@d2007
215    @c插图@d29cm
606 0  @a药物@x汇编
606 0  @a药物
690    @aR977@v3
701  0 @a马玺@Ama xi@4编著
701  0 @a周东坡@Azhou dong po@4编著
701  0 @a赵凯@Azhao kai@4编著
801  0 @aCN@bPFT@c20070929
905    @a213230@dR977@eh50@f1
    
    生物制品学/周东坡,赵凯,马玺 编著.-北京:化学工业出版社,2007
    插图;29cm
    
    
    ISBN 978-7-5025-9122-9:
    
●
相关链接 在E读中查询图书 在五车中查询图书 在当当中查询图书 在豆瓣中查询图书


正题名:生物制品学     索取号:R977/h50         预约/预借

序号 登录号 条形码 馆藏地/架位号 状态 备注
1 6002432   260024324   密集书库-化学系/ [索取号:R977/h50] 在馆    
唐山师范学院图书馆 欢迎您!
大连网信软件有限公司© 版权所有